000 00315nam a2200121Ia 4500
008 240731s9999 xx 000 0 und d
022 _a1479-0270
245 0 _aSouth Asia: Journal of South Asian Studies
260 _bRoutledge
856 _uhttps://www.tandfonline.com/loi/csas20
942 _2ddc
942 _cTFEJ
999 _c79478
_d79478
945 _a1
_bMadushi Gamage
_c1
_dMadushi Gamage